Countries Containing Two Vowels - Statistics

General Stats
  • This quiz has been taken 153 times
  • The average score is 25 of 31
Answer Stats
Country % Correct
China
91%
Laos
89%
Norway
88%
Peru
88%
Denmark
87%
France
87%
Chile
86%
Oman
86%
Italy
85%
Mali
85%
Niger
85%
Cuba
82%
Spain
82%
Tonga
81%
Brazil
80%
Gabon
80%
Finland
79%
Iran
79%
Iraq
79%
Benin
78%
Bhutan
78%
Jordan
78%
Kenya
76%
Sudan
76%
Libya
75%
Nepal
74%
Poland
74%
Germany
72%
Turkey
69%
Syria
66%
Hungary
60%
No matching quizzes found
Score Distribution
Percent of People with Each Score
Percentile by Number Answered
Your Score History
You have not taken this quiz